<?xml version="1.0" encoding="UTF-8"?>
<record
    xmlns:xsi="http://www.w3.org/2001/XMLSchema-instance"
    xsi:schemaLocation="http://www.loc.gov/MARC21/slim http://www.loc.gov/standards/marcxml/schema/MARC21slim.xsd"
    xmlns="http://www.loc.gov/MARC21/slim">

  <leader>00718nas a22001817a 4500</leader>
  <controlfield tag="008">130226t19889999bl ||||| |||| 00| 0 por d</controlfield>
  <datafield tag="022" ind1=" " ind2=" ">
    <subfield code="a">0103-166X</subfield>
  </datafield>
  <datafield tag="245" ind1=" " ind2=" ">
    <subfield code="a">Estudos de Psicologia</subfield>
  </datafield>
  <datafield tag="260" ind1=" " ind2=" ">
    <subfield code="a">Campinas:</subfield>
    <subfield code="b">Instituto de Psicologia  da PUCCAMP,</subfield>
    <subfield code="c">1988</subfield>
  </datafield>
  <datafield tag="300" ind1=" " ind2=" ">
    <subfield code="a">v. :</subfield>
  </datafield>
  <datafield tag="310" ind1=" " ind2=" ">
    <subfield code="a">cuatrimestral</subfield>
  </datafield>
  <datafield tag="546" ind1=" " ind2=" ">
    <subfield code="a">portugu&#xE9;s</subfield>
  </datafield>
  <datafield tag="590" ind1=" " ind2=" ">
    <subfield code="a">Indizada en: SciELO,LILACS, PsycINFO, Scopus, CLASE, Latindex, Index Psi</subfield>
  </datafield>
  <datafield tag="590" ind1=" " ind2=" ">
    <subfield code="a">Existencias: 1988 5(2); 1991 8(1) 8-2(2); 1992 9(1-3); 1993 10(1-3); 1994 11(1-3); 1995 12(1-3); 1996 13(1-3); 1997 14(1-3); 1998 15(1-3)</subfield>
  </datafield>
  <datafield tag="650" ind1=" " ind2=" ">
    <subfield code="a">PSICOLOGIA</subfield>
    <subfield code="9">1909</subfield>
  </datafield>
  <datafield tag="856" ind1=" " ind2=" ">
    <subfield code="u">http://www.scielo.br/scielo.php?script=sci_serial&amp;pid=0103-166X&amp;nrm=iso&amp;rep=&amp;lng=es</subfield>
  </datafield>
  <datafield tag="942" ind1=" " ind2=" ">
    <subfield code="2">ddc</subfield>
    <subfield code="c">CR</subfield>
  </datafield>
  <datafield tag="999" ind1=" " ind2=" ">
    <subfield code="c">1181</subfield>
    <subfield code="d">1181</subfield>
  </datafield>
</record>
